| 000 | 00496nam a2200181Ia 4500 | ||
|---|---|---|---|
| 005 | 20250317125742.0 | ||
| 008 | 008 250317s9999 xx 000 0 eng d | ||
| 037 | _aTextbook | ||
| 040 |
_aFMSL _beng _cFMSL |
||
| 041 |
_aeng _2eng |
||
| 084 |
_aX:8k N1 _qFMSL |
||
| 100 |
_aSengupta Asim _9744684 |
||
| 245 | 0 | _aManagement accounting | |
| 260 |
_aCacutta _bCacutta, Academic Pub. _c1971 |
||
| 300 | _a494p | ||
| 942 |
_cTB _hX:8k N1 |
||
| 999 |
_c1260814 _d1260814 |
||